00269nam a2200109Ia 4500008004100000082001800041100001200059245004000071250000800111260002300119650001700142150201s2009 xx 000 0 und d a612.015bB09N aN,KUMAR aBIOCHEMISTRY AND CLINICAL PATHOLOGY a1ST bAITBSaDELHIc2009 aBIOCHEMISTRY